| 000 | | | 03689nmc2a22002413x 450 |
| 001 | | | 7260a44a-b5fa-4878-b1af-cf97919635f6 |
| 005 | | | 20240525071524.0 |
| 100 | ## | $a | 20231215l19131914k l0rusy0189 ca |
| 101 | 0# | $a | rus |
| 102 | ## | $a | RU |
| 105 | ## | $a | ae## |
| 122 | 2# | $a | d |
| 200 | 1# | $a | Дело о постройке здания для женской гимназии в городе Малмыже Вятской губернии |
| | $j | 9 апреля 1913 г. - 21 июля 1914 г. |
| 215 | ## | $a | 130 л. |
| | $c | план.; черт.; ил. |
| | $d | 36,5х26 см |
| 251 | ## | $c | Дело |
| 300 | ## | $a | Дело |
| 371 | ## | $a | Документ не является опубликованным и широко распространяемым |
| 461 | #0 | $1 | 001a74412a3-3cc5-4d21-8f0a-dfe2fbd9e72d |
| | $1 | 2001 |
| | $a | Департамент народного просвещения Министерства народного просвещения (1803-1917) |
| | $1 | 251 |
| | $c | Фонд |
| | $1 | 852 |
| | $j | 733 |
| 462 | #0 | $1 | 001cbe97534-fc2c-41b6-aa33-2a5bd997e041 |
| | $1 | 2001 |
| | $a | Строительный комитет: о постройке зданий учебных заведений; проекты, планы и фасады зданий |
| | $1 | 251 |
| | $c | Опись |
| | $1 | 852 |
| | $j | 224 |
| 801 | #0 | $a | RU |
| | $b | РГИА |
| | $c | 20231215 |
| | $g | RCR |
| 801 | #1 | $a | RU |
| | $b | ГлавНИВЦ |
| | $c | 20231215 |
| | $2 | rusmarc |
| 801 | #2 | $a | RU |
| | $b | ПБ им. Б.Н. Ельцина |
| | $c | 20240525 |
| | $g | RCR |
| | $2 | rusmarc |
| 850 | ## | $a | РГИА |
| 852 | ## | $a | РГИА |
| | $e | Федеральное казенное учреждение "Российский государственный исторический архив" (РГИА) |
| | $j | 71 |
| 937 | ## | $h | РГИА |
| | $d | 12395034 |
| | $a | ASBIBLIO_SCAN |
| 035 | ## | $a | RusGRCC00071867 |
| 856 | ## | $u | http://readingroom.main.prlib.ru/item.aspx?id_node=n192367195&mode=full |